000 00663nam a2200229Ia 4500
003 OSt
005 20220918182330.0
006 a|||||r|||| 00| 0
007 ta
008 220917b |||||||| |||| 00| 0 eng d
024 _a31,967
037 _cTextual
040 _aARTS
_cARTS
_beng
041 _2eng
_aeng
082 _aO-,3M56:g, K9 (=)
100 _aDietrich R F
_913296
245 0 _aPortrait of the artist as a young superman
_b a study iof Shaw's novels
260 _aGainesville
_bUniv Of Florida press
_c1969
650 _aENGLISH LITERATURE
942 _hO-,3M56:g, K9 (=)
_cTEXL
_2CC
999 _c168597
_d168597